Memorandum on the fluctuations in the price of natural rubber (Record no. 46400)

MARC details
000 -LEADER
fixed length control field 00344nam a2200109Ia 4500
100 ## - MAIN ENTRY--AUTHOR NAME
Personal name Adams PF
245 #0 - TITLE STATEMENT
Title Memorandum on the fluctuations in the price of natural rubber
260 ## - PUBLICATION, DISTRIBUTION, ETC. (IMPRINT)
Name of publisher Memorandum published by Ministry of Commerce and Industry, Kuala Lumpur
Year of publication 1958
300 ## - PHYSICAL DESCRIPTION
Number of Pages 25p
942 ## - ADDED ENTRY ELEMENTS (KOHA)
Koha item type Reprints
Holdings
Withdrawn status Lost status Damaged status Not for loan Home library Current library Date acquired Koha item type
      Reprints RRII Library RRII Library 22/12/2021 Reprints